Canciones arcaicas del norte argentino: melodías de comparsas carnavaleras para canto colectivo y percusión

Gardado en:
Detalles Bibliográficos
Autor Principal: Valladares, Leda (Author)
Formato: Libro
Idioma:Lingua castelá
Publicado: Buenos Aires Ricordi Americana S.A.E.C 1970
Subjects:
Tags: Engadir etiqueta
Sen Etiquetas, Sexa o primeiro en etiquetar este rexistro!

MARC

LEADER 00000nam a2200000 a 4500
001 UCI1280
003 CL-VaPUC
008 070622e19700000AG |||||||||||||||||spa|d
082 0 4 |a 781  |b VAL  |2 21 
100 0 |a Valladares, Leda  |e author  |9 521704 
245 1 0 |a Canciones arcaicas del norte argentino: melodías de comparsas carnavaleras para canto colectivo y percusión 
300 |a 16 p 
942 |c BK 
945 |d 20070622 00:00:00  |a castudil 
260 |a Buenos Aires  |b Ricordi Americana S.A.E.C  |c 1970 
500 |a Contiene transcripciones a partituras 
650 0 |a Tonadas  |9 409899 
650 0 |a Instrumentos musicales  |9 306600 
650 0 |a Música folklórica  |9 306412 
650 0 |a Folklore argentino  |9 409939 
583 |a last modification  |c 20170808 11:59:48  |k Rodrigo Vera 
999 |c 326119  |d 326117 
952 |0 0  |1 2  |4 0  |6 781_000000000000000_VAL_1970  |7 0  |8 X  |9 407853  |a FDOMLP  |b FDOMLP  |d 2019-11-22  |i 4242793  |o 781 VAL 1970  |p 4242793  |r 2019-11-22  |w 2019-11-22  |y BK_X  |k BU2